|
|
|
|
| LEADER |
00000nam a2200000 4500 |
| 001 |
vtls001500121 |
| 003 |
SK-MaSNL |
| 005 |
20260427093329.0 |
| 008 |
050224s1904 xo f 000 0 slo |
| 040 |
|
|
|a SNK
|b slo
|c SNK
|e rda
|
| 041 |
0 |
|
|a slo
|
| 044 |
|
|
|a xo
|c SK
|
| 072 |
|
7 |
|a 00
|x Veda. Všeobecnosti. Základy vedy a kultúry. Vedecká práca
|2 konspekt
|
| 080 |
|
|
|a 001.32
|2 2011
|
| 080 |
|
|
|a (083.8)
|2 2011
|
| 130 |
0 |
|
|a Menoslov
|9 1637688
|
| 245 |
0 |
0 |
|a Menoslov členov Museálnej slovenskej spoločnosti z r. 1904
|
| 264 |
|
3 |
|a v Turč. Sv. Martine
|b Kníhtlač. účast. spolok
|c [1904]
|
| 300 |
|
|
|a 8 strán
|c 24,5 cm
|
| 336 |
|
|
|a text
|b txt
|2 rdacontent
|
| 337 |
|
|
|a bez média
|b n
|2 rdamedia
|
| 338 |
|
|
|a zväzok
|b nc
|2 rdacarrier
|
| 500 |
|
|
|a Titul nad textom
|
| 546 |
|
|
|a Slovenský text
|b Antikva
|
| 610 |
2 |
7 |
|a Muzeálna slovenská spoločnosť (Martin, Slovensko)
|2 SNKKA
|9 33033
|
| 650 |
0 |
7 |
|a vedecké spoločnosti
|2 SNKPH
|9 93693
|
| 655 |
|
7 |
|a zoznamy
|2 SNKPH
|9 29645
|
| 710 |
2 |
|
|a Kníhtlačiarsky účastinársky spolok (Martin, Slovensko)
|4 prt
|9 93127
|
| 752 |
|
|
|a Slovensko
|d Martin
|
| 852 |
|
|
|a snk
|p SC 512/5 ; SC 512/5 D1 ; SC 512/5 D2
|
| 958 |
|
|
|a ONDV
|
| 958 |
|
|
|a DG
|
| 999 |
|
|
|c 1162563
|d 1164493
|
| 952 |
|
|
|a SNK
|b SNK
|c SNK_KF
|y PREZ
|7 0
|p 17A0459207
|o snkSC 512/5 D2
|i snkF 324/84
|8 5
|3 Rekatalogizácia
|0 0
|1 0
|4 0
|d 2005-02-24
|l 0
|r 2026-02-24 20:38:20
|w 2026-02-24
|
| 952 |
|
|
|a SNK
|b SNK
|c SNK_KF
|y PREZ
|7 0
|p 17A0459074
|o snkSC 512/5 D1
|i snkF 323/84
|8 5
|3 Rekatalogizácia
|0 0
|1 0
|4 0
|d 2005-02-24
|l 0
|r 2026-02-24 20:38:20
|w 2026-02-24
|
| 952 |
|
|
|a SNK
|b SNK
|c SNK_KF
|y PREZ
|7 8
|p 17A0714899
|o snkSC 512/5
|i snk3438/28
|8 21
|g 0.00
|0 0
|1 0
|2 udc
|4 0
|d 2026-04-27
|l 0
|r 2026-04-27 09:34:30
|w 2026-04-27
|